Sigue la costa andaluza - Estadísticas

Estadísticas generales
  • Esta prueba ha sido intentada 43 veces
  • La puntuación promedio es 38 de 64
Estadísticas de respuestas
Provincia Municipio % Correcto
Cádiz Cádiz
93%
Málaga Málaga
93%
Málaga Marbella
90%
Granada Motril
90%
Granada Motril
90%
Almería El Ejido
87%
Málaga Torremolinos
87%
Cádiz Algeciras
83%
Almería Almería
83%
Cádiz El Puerto de Santa Maria
83%
Cádiz Puerto Real
83%
Málaga Benalmádena
80%
Huelva Huelva
80%
Cádiz Rota
80%
Cádiz Tarifa
80%
Málaga Vélez-Málaga
80%
Málaga Vélez-Málaga
80%
Málaga Estepona
77%
Málaga Mijas
77%
Almería Roquetas de Mar
77%
Cádiz San Fernando
77%
Cádiz Sanlúcar de Barrameda
77%
Cádiz Chiclana de la Frontera
73%
Cádiz Chipiona
73%
Cádiz Conil de la Frontera
73%
Málaga Fuengirola
73%
Cádiz La Linea de la Concepción
73%
Granada Almuñécar
70%
Huelva Ayamonte
70%
Cádiz Barbate
70%
Huelva Isla Cristina
70%
Huelva Lepe
70%
Cádiz Vejer de la Frontera
67%
Huelva Almonte
63%
Cádiz San Roque
63%
Almería Mojacar
60%
Málaga Nerja
60%
Málaga Rincón de la Victoria
60%
Almería Níjar
57%
Málaga Torrox
57%
Almería Vera
57%
Almería Adra
50%
Huelva Moguer
50%
Málaga Manilva
47%
Almería Pulpí
47%
Huelva Punta Umbría
47%
Almería Garrucha
43%
Cádiz Los Barrios
43%
Huelva Palos de la Frontera
43%
Almería Carboneras
40%
Granada Salobreña
40%
Málaga Casares
33%
Almería Cuevas de Almanzora
33%
Almería Balanegra
30%
Huelva Cartaya
30%
Málaga Algarrobo
27%
Granada Albuñol
20%
Almería Enix
20%
Granada Gualchos
20%
Granada Torrenueva Costa
20%
Granada Polopos
17%
Granada Lújar
13%
Granada Rubite
10%
Granada Sorvilán
10%
No se encontraron pruebas coincidentes
Distribución de puntuación
Porcentaje de gente con cada puntuación
Porcentaje por número respondido
Historial de tus puntuaciones
No has intentado esta prueba.